Marketing de su carrera laboral. Entre usted y yo.

Guardat en:
Dades bibliogràfiques
Autor principal: Mejías, Cristina (autora)
Format: Desconegut
Idioma:espanyol
Publicat: Buenos Aires, Argentina: Ediciones Granica, 2008.
Col·lecció:Management.
Matèries:
Etiquetes: Afegir etiqueta
Sense etiquetes, Sigues el primer a etiquetar aquest registre!

MARC

LEADER 00000 a2200000 4500
003 CL-VaPUC
005 20250415133103.0
008 250123t2008 ||||| |||| 00| 0 spa d
999 |c 446200  |d 446198 
020 |a 978-950-641-534-1 
040 |c Pontificia Universidad Católica de Valparaíso 
082 |2 22  |a 658.311 MEJ 2008 
100 |a Mejías, Cristina  |9 894645  |e autora 
245 |a Marketing de su carrera laboral.  |b Entre usted y yo. 
260 |a Buenos Aires, Argentina:  |b Ediciones Granica,  |c 2008. 
300 |a 262 páginas. 
490 |a Management. 
583 |k Yessy Díaz Vidal  |c 20250123 
650 0 |9 375911  |a Mercado laboral   |x Inserción laboral   |v Estrategias 
650 0 |9 879947  |a Gestión de recursos humanos   |x Reclutamiento y selección  |v Estudios de casos 
942 |2 ddc  |c BK 
952 |0 0  |1 0  |2 ddc  |4 0  |6 658_311000000000000_MEJ_2008  |7 0  |8 A  |9 599528  |a BIBENE  |b BIBENE  |d 2025-01-20  |e 1  |g 36750.00  |i 5664525  |o 658.311 MEJ 2008  |p 5664525  |r 2025-01-20  |t 1  |v 36750.00  |w 2025-01-20  |y BK  |k ICO